LEADER 01390nam a2200301 i 4500 001 000000149505 003 CaOOAMICUS 005 20100713000000.0 008 100713s2004 it u000 u ita u 013 $a126827 020 $a88-7652-996-9 040 $aSeMil$bita 100 1 $aForconi, Maria Cristina.$0(OLS)http://semarc/name/34619 245 10$aTu, solamente tu :$bantropologia come fondamento dell'unità e dell'indissolubilità del patto matrimoniale /$cMaria Cristina Forconi. 260 $aRoma :$bPontificia Università Gregoriana,$c2004. 300 $aXVI, 218 p. ;$c21 cm. 490 0 $aLe vette 500 $aContiene : Bibliografia. - Dono del Card. Dionigi Tettamanzi. 650 4$aMatrimonio - Concezione cristiana.$0(OLS)http://semarc/subject/383 650 4$aDiritto canonico.$0(OLS)http://semarc/subject/207 830 3$aLe vette.$0(OLS)http://semarc/title/11270 850 $aSeMil 852 $aSeMil$W1$xVenegono$y1$m2J II 20$j255246$B101713$CSeMilBibl$Z2$F112841 $81 941 1 $a5 961 $aOmaggio: Tettamanzi Card. Dionigi 996 $6020$a88-7652-996-9$9(OLS)http://semarc/number/138602 996 $6245$aTu, solamente tu :$bantropologia come fondamento dell'unità e dell'indissolubilità del patto matrimoniale$9(OLS)http://semarc/title/218514 996 $6260$aRoma :$bPontificia Università Gregoriana$9(OLS)http://semarc/publisher/29750 LEADER 01244nam a2200193 i 4500 001 000000238346 003 CaOOAMICUS 005 20150128000000.0 008 150128s1741 it u000 u mul u 013 $a217251 026 $ao-r. -"o" *:*- aCna (3) 1741 (R) 040 $aSeMil$bita 245 10$aTomus 13. 300 $a[4], XX, 328, LI, [1], 114, 12 p. 500 $aIniz. calcogr. - Finalini, fregi xilogr. - Segn. : pg2 a4 b6 A-2C6 2D8 a-c6 d8, 2A-H6 I8 K2(-K2) ?6. 773 0 $aIoannes : Chrysostomus $tTou en hagiois patros hemon Ioannou ... tou Chrysostomou Ta euriskomena panta. Sancti patris nostri Joannis Chrysostomi archiepiscopi Costantinopolitani Opera omnia quae extant vel quae ejus nomine circumferuntur. ... Opera & studio D. Bernardi de Montfaucon, ... Tomus 1. [13.].$bEditio prima Veneta accuratior ac nitidior, cui accedit emendationum elenchus.$dVenetiis : Ex Typographia Joannis Baptistae Regozza, sub signo S. Joannis de Deo, in Vico S. Leonis : [dal Tomus 4] Venetiis : Ex Typographia Franciscus Pitteri, 1734-1741.$g13$w()19591 850 $aSeMil 852 $aSeMil$W1$xVenegono$y1$m2S VIII 39 FA$j188692$B188692$CSeMilBibl$Z2$F199431 $8I 996 $6245$aTomus 13$9(OLS)http://semarc/title/310299